Score 0/25 Timer 03:00
0 Plays Today
Clue Word % Correct
✗2011 Worst Picture: ______ and Jill✗✗JACK✗
95.4%
✗1999 Worst Picture: _____ _____ West✗✗WILD✗
92.7%
Close and open one eye quicklyWINK
92.6%
1.609 kilometersMILE
92.4%
50's TV hit show: I Love _____LUCY
92.4%
String in a candleWICK
92.3%
The natural movement of the airWIND
92.2%
Use your tongue to taste, moisten, or cleanLICK
92%
Success or failure apparently brought by chanceLUCK
90.3%
Thing used to keep a door shutLOCK
90.1%
MasculineMALE
90%
Gentle and not easily provokedMILD
89.9%
Enthusiastic athlete with no other interestsJOCK
89.5%
Clue Word % Correct
A tall, upright post on a boat for sailing vesselsMAST
87.8%
✗1986 Worst Picture: Howard the ______✗DUCK✗
86.4%
✗2010 Worst Picture: The _____ Airbender✗✗LAST✗
86%
Grain that has been prepared for brewingMALT
85.5%
Like a frilly, holey materialLACY
80.6%
Level of a large shipDECK
79%
✗2008 Worst Picture: The _______ Guru✗✗LOVE✗
73.8%
Cut with rough blowsHACK
72.5%
Mild expletiveHECK
66.7%
✗1983 Worst Picture: The Lonely _____✗LADY✗
66.4%
Rich source of something, like gold oreLODE
56.4%
Ship goods as cargoLADE
55%

Today's Daily Dose

Remove Ads.
Support Sporcle.
Get the best of Sporcle when you Go Orange. This ad-free experience offers more features, more stats, and more fun while also helping to support Sporcle. Thank you for becoming a member.

You're not logged in!

Compare scores with friends on all Sporcle quizzes.
OR
Log In

Show Comments

Extras

Top Quizzes Today


Score Distribution

Your Account Isn't Verified!

In order to create a playlist on Sporcle, you need to verify the email address you used during registration. Go to your Sporcle Settings to finish the process.

Report this User

Report this user for behavior that violates our Community Guidelines.

Details: